Normal view
MARC view
- Reeve,James M / Warren,Carl S / Duchac,Jonathan E
Entry Personal Name
001 - CONTROL NUMBER
- control field: 1822
003 - CONTROL NUMBER IDENTIFIER
- control field: JO-AjAnu
005 - DATE AND TIME OF LATEST TRANSACTION
- control field: 20230606070612.0
008 - FIXED-LENGTH DATA ELEMENTS
- fixed length control field: 230606|| aca||aabn | a|a d
040 ## - CATALOGING SOURCE
- Original cataloging agency: JO-AjAnu
- Transcribing agency: JO-AjAnu
100 ## - HEADING--PERSONAL NAME
- Personal name: Reeve,James M / Warren,Carl S / Duchac,Jonathan E
670 ## - SOURCE DATA FOUND
- Source citation: Work cat.: (JO-AjAnu)960: Reeve,James M / Warren,Carl S / Duchac,Jonathan E, author, Principles of Financial Accounting